000 00774nam a22002777a 4500
003 CHAP
005 20220329134552.0
008 971013s1981 r 00010 d
010 _a22347
011 _a23319
035 _a27415
040 _cCHAP
082 _a591
_bA8
245 _aAtlas de zoología
_b: vertebrados
260 _aBarcelona :
_bJover,
_c1981
300 _as.p.
_b; láms
590 _aBATCH-UPD
_b10
_c20130110
_lUCH01
_h1809
590 _aBATCH-UPD
_b10
_c20130410
_lUCH01
_h1144
590 _aBATCH-UPD
_b10
_c20130914
_lUCH01
_h2058
590 _aCONVERSION
_b10
_c20130109
_lUCH01
_h1313
650 1 4 _aZoología.
_9124151
700 0 _aAritio, L. Blas.
_97116
901 _aBK
942 _cLIBRO
949 _a591 A8
_bBC
_cC
_d33724000497699
_eC
_i27415
_si
999 _c22347
_d22347